[Event "11th Asrian Memorial 2018"]
[Site "Jermuk"]
[Date "2018.06.29"]
[Round "9"]
[White "Martirosyan, Haik M"]
[Black "Melkumyan, Hrant"]
[Result "1-0"]
[WhiteElo "2572"]
[BlackElo "2662"]
[Annotator "ChessBase"]
[PlyCount "157"]
[EventDate "2018.06.21"]
[EventCountry "ARM"]
[SourceTitle "playchess.com"]
[Source "ChessBase"]
[SourceQuality "1"]
[TimeControl "40/5400+30:1800+30"]

1. e4 {[%emt 0:00:00]} c5 {[%emt 0:02:05]} 2. Nf3 {[%emt 0:00:00]} Nc6 {[%emt 0:00:19]} 3. Bb5 {[%emt 0:00:09]} g6 {[%emt 0:00:11]} 4. O-O {[%emt 0:00:42]} Bg7 {[%emt 0:00:09]} 5. Nc3 {[%emt 0:05:03]} e5 {[%emt 0:03:04]} 6. Bxc6 {[%emt 0:02:57]} dxc6 {[%emt 0:03:08]} 7. d3 {[%emt 0:00:21]} Qe7 {[%emt 0:02:52]} 8. a3 {[%emt 0:02:21]} Nf6 {[%emt 0:02:11]} 9. Be3 {[%emt 0:13:01]} O-O {[%emt 0:06:06]} 10. Qc1 {[%emt 0:14:25]} Re8 {[%emt 0:12:38]} 11. Bh6 {[%emt 0:02:54]} Bh8 {[%emt 0:01:38]} 12. Bg5 {[%emt 0:00:07]} b6 {[%emt 0:09:52]} 13. Nd2 {[%emt 0:00:58]} h6 {[%emt 0:24:43]} 14. Bxh6 {[%emt 0:05:00]} Ng4 {[%emt 0:00:12]} 15. Nf3 {[%emt 0:03:17]} Nxh6 {[%emt 0:00:17]} 16. Qxh6 {[%emt 0:00:08]} Bg7 {[%emt 0:00:11]} 17. Qe3 {[%emt 0:03:50]} Bf6 {[%emt 0:00:30]} 18. h3 {[%emt 0:08:41]} Kg7 {[%emt 0:05:51]} 19. g4 {[%emt 0:02:39]} Rh8 {[%emt 0:00:12]} 20. Kg2 {[%emt 0:00:28]} Be6 {[%emt 0:02:52]} 21. Rh1 {[%emt 0:00:08]} Qd6 {[%emt 0:00:47]} 22. Ne2 {[%emt 0:01:12]} a5 {[%emt 0:07:22]} 23. a4 {[%emt 0:03:56]} Rae8 {[%emt 0:02:11]} 24. Ng3 {[%emt 0:02:10]} Bd8 {[%emt 0:01:42]} 25. Rh2 {[%emt 0:02:58]} Bc8 {[%emt 0:02:25]} 26. Qd2 {[%emt 0:03:46]} Qf6 {[%emt 0:02:20]} 27. Rah1 {[%emt 0:01:04]} Qf4 {[%emt 0:01:49]} 28. Ne2 {[%emt 0:03:34]} Qf6 {[%emt 0:01:08]} 29. Ng3 {[%emt 0:01:18]} Qf4 {[%emt 0:01:16]} 30. Ne2 {[%emt 0:02:32]} Qxd2 {[%emt 0:01:03]} 31. Nxd2 {[%emt 0:00:10]} Bc7 {[%emt 0:00:19]} 32. Ra1 {[%emt 0:00:20]} Be6 {[%emt 0:00:32]} 33. Rhh1 {[%emt 0:00:39]} Rd8 {[%emt 0:00:06]} 34. b3 {[%emt 0:00:42]} Rb8 {[%emt 0:02:05]} 35. Nc4 {[%emt 0:02:30]} Ra8 {[%emt 0:01:04]} 36. Ne3 {[%emt 0:01:13]} Rh4 {[%emt 0:01:15]} 37. Ng1 {[%emt 0:00:23]} Rhh8 {[%emt 0:01:22]} 38. Nf3 {[%emt 0:00:25]} Rad8 {[%emt 0:00:59]} 39. Nc4 {[%emt 0:02:23]} f6 {[%emt 0:00:24]} 40. Ne3 {[%emt 0:00:00]} Rde8 {[%emt 0:00:44]} 41. Kf1 {[%emt 0:06:09]} b5 {[%emt 0:07:50]} 42. Ke2 {[%emt 0:03:47]} Rb8 {[%emt 0:03:04]} 43. Nd2 {[%emt 0:04:39]} Rh4 {[%emt 0:03:39]} 44. Kf3 {[%emt 0:01:19]} Kf7 {[%emt 0:01:42]} 45. Kg2 {[%emt 0:02:15]} Rd8 {[%emt 0:01:02]} 46. axb5 {[%emt 0:05:35]} cxb5 {[%emt 0:00:10]} 47. Nb1 {[%emt 0:00:01]} c4 {[%emt 0:06:14]} 48. bxc4 {[%emt 0:00:40]} bxc4 {[%emt 0:00:04]} 49. dxc4 {[%emt 0:01:00]} f5 {[%emt 0:02:45]} 50. Nc3 {[%emt 0:01:46]} Bb6 {[%emt 0:03:47]} 51. exf5 {[%emt 0:10:47]} gxf5 {[%emt 0:00:13]} 52. gxf5 {[%emt 0:00:09]} Rg8+ {[%emt 0:01:03]} 53. Ng4 {[%emt 0:01:50]} Rgxg4+ {[%emt 0:02:31]} 54. hxg4 {[%emt 0:00:03]} Rxg4+ {[%emt 0:00:04]} 55. Kf1 {[%emt 0:01:16]} Bxc4+ {[%emt 0:00:01]} 56. Ke1 {[%emt 0:00:31]} Bd4 {[%emt 0:01:26]} 57. Ra3 {[%emt 0:01:13]} Bc5 {[%emt 0:02:16]} 58. Rxa5 {[%emt 0:01:06]} Bb4 {[%emt 0:00:05]} 59. Ra7+ {[%emt 0:00:08]} Kf6 {[%emt 0:00:11]} 60. Rh3 {[%emt 0:00:24]} Kxf5 {[%emt 0:00:50]} 61. Rc7 {[%emt 0:01:46]} Rf4 {[%emt 0:01:28]} 62. Kd1 {[%emt 0:01:05]} Rd4+ {[%emt 0:00:26]} 63. Kc1 {[%emt 0:00:17]} Ba3+ {[%emt 0:00:31]} 64. Kb1 {[%emt 0:00:02]} Bd6 {[%emt 0:00:29]} 65. Rch7 {[%emt 0:01:25]} Rf4 {[%emt 0:00:37]} 66. R7h5+ {[%emt 0:00:25]} Ke6 {[%emt 0:00:21]} 67. Rh6+ {[%emt 0:00:06]} Kd7 {[%emt 0:00:13]} 68. R3h4 {[%emt 0:00:18]} Bb4 {[%emt 0:00:54]} 69. Rxf4 {[%emt 0:00:26]} exf4 {[%emt 0:00:03]} 70. Ne4 {[%emt 0:00:15]} Be7 {[%emt 0:00:54]} 71. Kc1 {[%emt 0:00:39]} Bf1 {[%emt 0:00:32]} 72. Kd2 {[%emt 0:00:36]} Bd8 {[%emt 0:00:27]} 73. Nc5+ {[%emt 0:00:53]} Ke7 {[%emt 0:00:19]} 74. Nd3 {[%emt 0:00:37]} Kf7 {[%emt 0:00:51]} 75. Ke1 {[%emt 0:00:16]} Bg2 {[%emt 0:00:19]} 76. Nxf4 {[%emt 0:00:08]} Be4 {[%emt 0:00:37]} 77. Nd3 {[%emt 0:00:08]} Bf6 {[%emt 0:00:11]} 78. Ke2 {[%emt 0:00:14]} Bf5 {[%emt 0:00:15]} 79. f4 {[%emt 0:01:15]} 1-0

[Event "11th Asrian Memorial 2018"]
[Site "Jermuk"]
[Date "2018.06.29"]
[Round "9"]
[White "Zhigalko, Andrey"]
[Black "Gabuzyan, Hovhannes"]
[Result "0-1"]
[WhiteElo "2562"]
[BlackElo "2539"]
[Annotator "ChessBase"]
[PlyCount "128"]
[EventDate "2018.06.21"]
[EventCountry "ARM"]
[SourceTitle "playchess.com"]
[Source "ChessBase"]
[SourceQuality "1"]
[TimeControl "40/5400+30:1800+30"]

1. c4 {[%emt 0:00:00]} g6 {[%emt 0:05:58]} 2. e4 {[%emt 0:00:00]} e5 {[%emt 0:02:39]} 3. d4 {[%emt 0:00:00]} d6 {[%emt 0:00:07]} 4. Ne2 {[%emt 0:03:10]} Bg7 {[%emt 0:02:47]} 5. Nbc3 {[%emt 0:05:02]} Nd7 {[%emt 0:02:05]} 6. Be3 {[%emt 0:01:56]} Ne7 {[%emt 0:00:38]} 7. g3 {[%emt 0:09:28]} O-O {[%emt 0:02:49]} 8. Bg2 {[%emt 0:00:22]} exd4 {[%emt 0:03:47]} 9. Bxd4 {[%emt 0:05:46]} Ne5 {[%emt 0:01:42]} 10. b3 {[%emt 0:10:27]} N7c6 {[%emt 0:00:15]} 11. Be3 {[%emt 0:12:14]} Bg4 {[%emt 0:00:19]} 12. Rc1 {[%emt 0:08:17]} Nb4 {[%emt 0:06:16]} 13. O-O {[%emt 0:04:07]} Ned3 {[%emt 0:00:55]} 14. Rb1 {[%emt 0:04:17]} Bxc3 {[%emt 0:00:05]} 15. f3 {[%emt 0:00:06]} Bg7 {[%emt 0:03:58]} 16. fxg4 {[%emt 0:00:20]} Ne5 {[%emt 0:00:46]} 17. h3 {[%emt 0:02:06]} a5 {[%emt 0:02:26]} 18. Qd2 {[%emt 0:01:18]} Re8 {[%emt 0:02:02]} 19. Rbd1 {[%emt 0:02:03]} c6 {[%emt 0:05:51]} 20. Nc1 {[%emt 0:04:18]} Qc7 {[%emt 0:06:53]} 21. Qxd6 {[%emt 0:01:49]} Qxd6 {[%emt 0:00:08]} 22. Rxd6 {[%emt 0:00:02]} a4 {[%emt 0:00:05]} 23. Rd2 {[%emt 0:01:30]} axb3 {[%emt 0:04:30]} 24. axb3 {[%emt 0:00:03]} h6 {[%emt 0:00:04]} 25. Rfd1 {[%emt 0:05:01]} Ra1 {[%emt 0:01:03]} 26. Bc5 {[%emt 0:04:21]} Na6 {[%emt 0:04:27]} 27. Bd4 {[%emt 0:01:02]} Rb1 {[%emt 0:00:06]} 28. Kf2 {[%emt 0:02:28]} Rd8 {[%emt 0:01:49]} 29. Be3 {[%emt 0:06:21]} Rxd2+ {[%emt 0:01:32]} 30. Rxd2 {[%emt 0:00:08]} Bf6 {[%emt 0:13:10]} 31. Nd3 {[%emt 0:03:17]} Rxb3 {[%emt 0:06:23]} 32. Nxe5 {[%emt 0:00:04]} Bxe5 {[%emt 0:00:03]} 33. Bxh6 {[%emt 0:00:42]} Bxg3+ {[%emt 0:00:35]} 34. Ke2 {[%emt 0:00:10]} Nc5 {[%emt 0:00:06]} 35. Rd8+ {[%emt 0:04:28]} Kh7 {[%emt 0:00:57]} 36. Be3 {[%emt 0:00:27]} Ne6 {[%emt 0:00:04]} 37. Rd3 {[%emt 0:00:27]} Rb2+ {[%emt 0:00:08]} 38. Kf3 {[%emt 0:00:33]} Bh4 {[%emt 0:06:46]} 39. e5 {[%emt 0:00:04]} Kg7 {[%emt 0:01:15]} 40. Bf1 {[%emt 0:00:00]} Bg5 {[%emt 0:02:40]} 41. Bf2 {[%emt 0:16:07]} Rb1 {[%emt 0:00:49]} 42. Bg2 {[%emt 0:03:53]} Bf4 {[%emt 0:08:10]} 43. h4 {[%emt 0:00:21]} Bxe5 {[%emt 0:00:58]} 44. Be3 {[%emt 0:00:42]} Rb4 {[%emt 0:04:54]} 45. Rd7 {[%emt 0:00:46]} Kf8 {[%emt 0:09:28]} 46. Bf1 {[%emt 0:00:42]} Rb3 {[%emt 0:00:34]} 47. Rd3 {[%emt 0:04:15]} Rb1 {[%emt 0:00:05]} 48. Be2 {[%emt 0:01:14]} Rh1 {[%emt 0:02:17]} 49. Rd7 {[%emt 0:01:48]} Bc7 {[%emt 0:00:51]} 50. Bf2 {[%emt 0:01:29]} Rh3+ {[%emt 0:01:17]} 51. Ke4 {[%emt 0:00:01]} Bg3 {[%emt 0:04:38]} 52. Be3 {[%emt 0:00:48]} Bxh4 {[%emt 0:01:33]} 53. Rxb7 {[%emt 0:00:18]} f5+ {[%emt 0:00:21]} 54. gxf5 {[%emt 0:00:37]} gxf5+ {[%emt 0:00:03]} 55. Kxf5 {[%emt 0:01:30]} Rxe3 {[%emt 0:00:03]} 56. Bg4 {[%emt 0:01:09]} Be7 {[%emt 0:01:44]} 57. Kg6 {[%emt 0:01:42]} Rg3 {[%emt 0:00:58]} 58. Rb8+ {[%emt 0:00:25]} Bd8 {[%emt 0:00:17]} 59. Rc8 {[%emt 0:00:41]} Ke7 {[%emt 0:01:54]} 60. Kh5 {[%emt 0:01:02]} Nc7 {[%emt 0:00:33]} 61. Rb8 {[%emt 0:01:53]} Rc3 {[%emt 0:00:12]} 62. Be2 {[%emt 0:00:23]} Ne6 {[%emt 0:00:37]} 63. Kg4 {[%emt 0:00:34]} Bc7 {[%emt 0:00:20]} 64. Rc8 {[%emt 0:00:24]} Kd7 {[%emt 0:00:17]} 0-1

[Event "11th Asrian Memorial 2018"]
[Site "Jermuk"]
[Date "2018.06.29"]
[Round "9"]
[White "Petrosyan, Manuel"]
[Black "Jumabayev, Rinat"]
[Result "1/2-1/2"]
[WhiteElo "2551"]
[BlackElo "2594"]
[Annotator "ChessBase"]
[PlyCount "125"]
[EventDate "2018.06.21"]
[EventCountry "ARM"]
[SourceTitle "playchess.com"]
[Source "ChessBase"]
[SourceQuality "1"]
[TimeControl "40/5400+30:1800+30"]

1. d4 {[%emt 0:01:30]} d5 {[%emt 0:00:12]} 2. c4 {[%emt 0:00:29]} c6 {[%emt 0:00:03]} 3. Nf3 {[%emt 0:00:42]} Nf6 {[%emt 0:00:40]} 4. e3 {[%emt 0:01:35]} a6 {[%emt 0:00:04]} 5. Nc3 {[%emt 0:00:24]} Bf5 {[%emt 0:00:06]} 6. Bd3 {[%emt 0:00:10]} Bxd3 {[%emt 0:00:05]} 7. Qxd3 {[%emt 0:00:03]} e6 {[%emt 0:00:06]} 8. O-O {[%emt 0:00:04]} Bb4 {[%emt 0:00:03]} 9. Bd2 {[%emt 0:00:03]} O-O {[%emt 0:02:13]} 10. Nxd5 {[%emt 0:00:18]} Nxd5 {[%emt 0:00:43]} 11. cxd5 {[%emt 0:00:04]} Bxd2 {[%emt 0:00:07]} 12. Nxd2 {[%emt 0:00:05]} exd5 {[%emt 0:02:20]} 13. b4 {[%emt 0:01:07]} Qe7 {[%emt 0:00:43]} 14. a4 {[%emt 0:08:48]} Nd7 {[%emt 0:08:28]} 15. b5 {[%emt 0:09:13]} c5 {[%emt 0:04:16]} 16. dxc5 {[%emt 0:04:47]} Nxc5 {[%emt 0:00:02]} 17. Qc2 {[%emt 0:00:56]} Rfc8 {[%emt 0:05:08]} 18. bxa6 {[%emt 0:06:02]} bxa6 {[%emt 0:01:48]} 19. Qa2 {[%emt 0:12:19]} Qd7 {[%emt 0:02:33]} 20. Rfd1 {[%emt 0:02:16]} Nd3 {[%emt 0:03:16]} 21. Nf3 {[%emt 0:02:01]} Nb4 {[%emt 0:00:04]} 22. Qb3 {[%emt 0:02:01]} a5 {[%emt 0:02:51]} 23. Rac1 {[%emt 0:01:16]} g6 {[%emt 0:05:15]} 24. h3 {[%emt 0:01:30]} Rxc1 {[%emt 0:05:29]} 25. Rxc1 {[%emt 0:00:07]} Rc8 {[%emt 0:00:05]} 26. Rxc8+ {[%emt 0:05:21]} Qxc8 {[%emt 0:01:03]} 27. Qd1 Qc4 {[%emt 0:02:12]} 28. Nd4 {[%emt 0:01:57]} h5 {[%emt 0:04:17]} 29. g3 {[%emt 0:05:20]} Kf8 {[%emt 0:06:00]} 30. Qf3 {[%emt 0:06:59]} Ke7 {[%emt 0:06:22]} 31. Qf4 {[%emt 0:01:06]} Nd3 {[%emt 0:00:12]} 32. Qg5+ {[%emt 0:01:07]} Ke8 {[%emt 0:27:03]} 33. Qf6 {[%emt 0:03:46]} Qc1+ {[%emt 0:02:41]} 34. Kg2 {[%emt 0:01:41]} Qb2 {[%emt 0:00:13]} 35. g4 {[%emt 0:04:27]} hxg4 {[%emt 0:00:09]} 36. hxg4 {[%emt 0:00:06]} Kf8 {[%emt 0:02:16]} 37. g5 {[%emt 0:08:58]} Kg8 {[%emt 0:00:18]} 38. Nc6 {[%emt 0:04:05]} Qxf6 {[%emt 0:01:22]} 39. gxf6 {[%emt 0:00:03]} Nc5 {[%emt 0:00:27]} 40. Nxa5 {[%emt 0:00:00]} Nxa4 {[%emt 0:00:04]} 41. Nc6 {[%emt 0:00:39]} Kf8 {[%emt 0:00:04]} 42. Kf3 {[%emt 0:06:06]} Ke8 {[%emt 0:00:34]} 43. Kf4 {[%emt 0:05:28]} Kd7 {[%emt 0:04:04]} 44. Nd4 {[%emt 0:00:14]} Nc5 {[%emt 0:02:54]} 45. f3 {[%emt 0:04:16]} Ke8 {[%emt 0:12:08]} 46. Nb5 {[%emt 0:03:48]} Nd3+ {[%emt 0:03:40]} 47. Kg5 {[%emt 0:00:08]} Ne5 {[%emt 0:03:52]} 48. f4 {[%emt 0:01:34]} Nf3+ {[%emt 0:00:44]} 49. Kg4 {[%emt 0:05:57]} Nd2 {[%emt 0:00:10]} 50. Nd6+ {[%emt 0:04:33]} Kf8 {[%emt 0:00:11]} 51. Kg3 {[%emt 0:02:59]} Nc4 {[%emt 0:07:07]} 52. Nxc4 {[%emt 0:01:18]} dxc4 {[%emt 0:00:34]} 53. Kf3 {[%emt 0:00:05]} Ke8 {[%emt 0:00:03]} 54. Ke4 {[%emt 0:00:09]} Kd7 {[%emt 0:00:04]} 55. Kd4 {[%emt 0:00:06]} Ke6 {[%emt 0:00:05]} 56. Kxc4 {[%emt 0:00:24]} Kxf6 {[%emt 0:00:12]} 57. e4 {[%emt 0:00:20]} g5 {[%emt 0:01:15]} 58. fxg5+ {[%emt 0:00:11]} Kxg5 {[%emt 0:00:15]} 59. Kd4 {[%emt 0:00:10]} Kf4 {[%emt 0:00:08]} 60. e5 {[%emt 0:00:17]} Kf3 {[%emt 0:00:16]} 61. Kd5 {[%emt 0:00:09]} Ke3 {[%emt 0:00:13]} 62. e6 {[%emt 0:00:09]} fxe6+ {[%emt 0:00:03]} 63. Kxe6 {[%emt 0:00:04]} 1/2-1/2

[Event "11th Asrian Memorial 2018"]
[Site "Jermuk"]
[Date "2018.06.29"]
[Round "9"]
[White "Ter-Sahakyan, Samvel"]
[Black "Andriasian, Zaven"]
[Result "0-1"]
[WhiteElo "2546"]
[BlackElo "2586"]
[Annotator "ChessBase"]
[PlyCount "60"]
[EventDate "2018.06.21"]
[EventCountry "ARM"]
[SourceTitle "playchess.com"]
[Source "ChessBase"]
[SourceQuality "1"]
[TimeControl "40/5400+30:1800+30"]

1. e4 {[%emt 0:00:00]} c5 {[%emt 0:00:06]} 2. Nc3 {[%emt 0:00:00]} a6 {[%emt 0:01:22]} 3. g3 {[%emt 0:02:51]} Nc6 {[%emt 0:02:09]} 4. Bg2 {[%emt 0:00:18]} g6 {[%emt 0:00:13]} 5. Nge2 {[%emt 0:01:47]} Bg7 {[%emt 0:00:09]} 6. d3 {[%emt 0:00:09]} d6 {[%emt 0:01:30]} 7. Be3 {[%emt 0:00:29]} Rb8 {[%emt 0:14:00]} 8. O-O {[%emt 0:02:12]} b5 {[%emt 0:00:53]} 9. Qd2 {[%emt 0:04:42]} b4 {[%emt 0:00:36]} 10. Nd1 {[%emt 0:00:10]} Nf6 {[%emt 0:00:49]} 11. h3 {[%emt 0:04:33]} Bb7 {[%emt 0:00:49]} 12. Bh6 {[%emt 0:04:09]} Bxh6 {[%emt 0:09:21]} 13. Qxh6 {[%emt 0:00:13]} Nd4 {[%emt 0:00:06]} 14. Nxd4 {[%emt 0:02:55]} cxd4 {[%emt 0:00:05]} 15. c4 {[%emt 0:09:49]} Qa5 {[%emt 0:05:39]} 16. Qd2 {[%emt 0:06:42]} g5 {[%emt 0:03:42]} 17. a3 {[%emt 0:06:53]} Bc8 {[%emt 0:00:23]} 18. c5 {[%emt 0:10:21]} Qxc5 {[%emt 0:03:39]} 19. axb4 {[%emt 0:00:04]} Qb5 {[%emt 0:01:19]} 20. Rc1 {[%emt 0:09:51]} Be6 {[%emt 0:04:23]} 21. Re1 {[%emt 0:03:20]} Nd7 {[%emt 0:07:44]} 22. f4 {[%emt 0:05:08]} gxf4 {[%emt 0:00:22]} 23. gxf4 {[%emt 0:00:04]} Rg8 {[%emt 0:00:30]} 24. Nf2 {[%emt 0:00:28]} Qh5 {[%emt 0:05:38]} 25. Qe2 {[%emt 0:08:07]} Qh4 {[%emt 0:02:04]} 26. f5 {[%emt 0:04:44]} Bb3 {[%emt 0:00:25]} 27. Ng4 {[%emt 0:02:26]} h5 {[%emt 0:00:55]} 28. Qf2 {[%emt 0:04:57]} Qg5 {[%emt 0:02:23]} 29. Nh2 {[%emt 0:00:08]} Ne5 {[%emt 0:00:13]} 30. Nf3 {[%emt 0:00:05]} Qxg2+ {[%emt 0:00:16]} 0-1

[Event "11th Asrian Memorial 2018"]
[Site "Jermuk"]
[Date "2018.06.29"]
[Round "9"]
[White "Tutisani, Noe"]
[Black "Stupak, Kirill"]
[Result "1/2-1/2"]
[WhiteElo "2469"]
[BlackElo "2564"]
[Annotator "ChessBase"]
[PlyCount "72"]
[EventDate "2018.06.21"]
[EventCountry "ARM"]
[SourceTitle "playchess.com"]
[Source "ChessBase"]
[SourceQuality "1"]
[TimeControl "40/5400+30:1800+30"]

1. Nf3 {[%emt 0:00:00]} Nf6 {[%emt 0:06:56]} 2. g3 {[%emt 0:00:00]} c5 {[%emt 0:00:18]} 3. Bg2 {[%emt 0:00:00]} d5 {[%emt 0:00:15]} 4. O-O {[%emt 0:00:02]} g6 {[%emt 0:00:04]} 5. c3 {[%emt 0:00:29]} Bg7 {[%emt 0:00:22]} 6. d4 {[%emt 0:00:06]} Qb6 {[%emt 0:00:06]} 7. Qb3 {[%emt 0:01:01]} O-O {[%emt 0:00:50]} 8. Be3 {[%emt 0:00:46]} c4 {[%emt 0:03:49]} 9. Qa3 {[%emt 0:00:34]} Nc6 {[%emt 0:00:22]} 10. b3 {[%emt 0:00:04]} cxb3 {[%emt 0:09:10]} 11. axb3 {[%emt 0:00:15]} Ng4 {[%emt 0:02:36]} 12. Bf4 {[%emt 0:05:18]} Re8 {[%emt 0:00:47]} 13. Nbd2 {[%emt 0:06:35]} h6 {[%emt 0:00:54]} 14. e4 {[%emt 0:05:08]} dxe4 {[%emt 0:05:58]} 15. Nxe4 {[%emt 0:00:10]} Bf5 {[%emt 0:06:11]} 16. Nfd2 {[%emt 0:08:20]} Bxe4 {[%emt 0:11:24]} 17. Nxe4 {[%emt 0:02:51]} e5 {[%emt 0:05:01]} 18. dxe5 {[%emt 0:00:49]} g5 {[%emt 0:02:19]} 19. Bd2 {[%emt 0:02:12]} Rxe5 {[%emt 0:03:10]} 20. h3 {[%emt 0:00:45]} Nf6 {[%emt 0:00:57]} 21. Be3 {[%emt 0:00:57]} Qc7 {[%emt 0:00:58]} 22. Qd6 {[%emt 0:00:42]} Qd8 {[%emt 0:20:11]} 23. Qxd8+ {[%emt 0:04:03]} Rxd8 {[%emt 0:00:09]} 24. Nc5 {[%emt 0:02:00]} Re7 {[%emt 0:02:50]} 25. Rfd1 {[%emt 0:00:52]} Rc8 {[%emt 0:01:00]} 26. Ra4 {[%emt 0:08:48]} b6 {[%emt 0:00:52]} 27. Ne4 {[%emt 0:04:15]} Na5 {[%emt 0:02:14]} 28. Nd6 {[%emt 0:12:23]} Rd8 {[%emt 0:00:01]} 29. Rdd4 {[%emt 0:01:04]} Nxb3 {[%emt 0:02:13]} 30. Nf5 {[%emt 0:00:06]} Red7 {[%emt 0:00:54]} 31. Ne7+ {[%emt 0:01:04]} Kf8 {[%emt 0:01:15]} 32. Rxd7 {[%emt 0:00:12]} Rxd7 {[%emt 0:00:01]} 33. Nc6 {[%emt 0:00:09]} Rd1+ {[%emt 0:09:07]} 34. Kh2 {[%emt 0:00:05]} Ra1 {[%emt 0:00:10]} 35. Rxa1 {[%emt 0:01:06]} Nxa1 {[%emt 0:00:02]} 36. Nxa7 {[%emt 0:00:06]} Nd7 {[%emt 0:00:25]} 1/2-1/2